| 000 | 00721nam a22002417a 4500 | ||
|---|---|---|---|
| 999 |
_c13521 _d13521 |
||
| 003 | AR-CdUCM | ||
| 008 | 190415b ||||| |||| 00| 0 spa d | ||
| 040 |
_aMUNICIPALIDAD PROVINCIAL DEL CUSCO _cBIBLIOTECA MUNICIPAL DEL CUSCO |
||
| 041 | _hchi | ||
| 082 |
_aES / 373.839 / _bX55 |
||
| 100 |
_aXun, Lu _931974 |
||
| 245 | _aCuentos ejemplares (1919 - 1949) / | ||
| 260 |
_aBeijing : _bEdiciones en lenguas extranjeras, _c1984. |
||
| 300 |
_a529 paginas ; _bilustraciones, _c21 cm. |
||
| 500 | _anovelas de china | ||
| 650 |
_aNovelas _9218 |
||
| 650 |
_aHistorias _92725 |
||
| 650 |
_aLiteratura _983 |
||
| 650 |
_aSiglo XX _98 |
||
| 700 |
_aCong, Diang _931975 |
||
| 942 |
_2ddc _cLIBROS |
||
| 945 |
_apjha _d2019-04-15 |
||